000 00548nam a2200193Ia 4500
001 3872
003 AR-BaAGN
005 20231116144554.0
007 ta
008 211213s1937 ag |||||||||||||| ||spa d
040 _dAR-BaAGN
_aAR-BaAGN
_bspa
_eaacr
245 0 0 _aLa reforma educacional de Buenos Aires :
_bsu orientación : fundamento técnico y ensayo
260 _aLa Plata :
_bTaller de Impresiones Oficiales,
_c1937.
300 _a57 páginas
336 _2rdacontent
_btxt
337 _2rdamedia
_bn
338 _2rdacarrier
_bnc
942 _cLIBRO
999 _c3872
_d3872